Cumhuriyet dönemi su ürünleri bibliyografisi (Record no. 3653)
[ view plain ]
| 000 -BAŞLIK | |
|---|---|
| Sabit Uzunlukta Kontrol Alanı | 00845na a2200277 4500 |
| 001 - KONTROL NUMARASI | |
| Denetim Alanı | 18236 |
| 003 - KONTROL NUMARASI IDENTIFIER | |
| Denetim Alanı | MIRAKIL |
| 005 - SON İŞLEM TARİHİ VE ZAMANI | |
| Denetim Alanı | 20181213154938.0 |
| 008 - SABİT-BOY VERİ ELEMANLARI - GENEL BİLGİLER | |
| Sabit Uzunlukta Kontrol Alanı | 161115b tu 000 0 |
| 020 ## - ULUSLARARASI STANDART KİTAP NUMARASI | |
| Uluslararası Standart Kitap Numarası | 9754046589 |
| 040 ## - KATALOGLAMA KAYNAK | |
| Orijinal Kataloglama Ajansı | Milas |
| Kataloglama Dili | tur |
| Metne Dönüştürmek Ajansı | TR-AnCHP |
| 041 ## - DİL KODU | |
| Metin / Ses Parça Veya Ayrı Başlığın Dil Kodu | tur |
| 082 ## - DEWEY ONLU SINIFLANDIRMA NUMARASI | |
| Sınıflandırma Numarası | 639.2016 |
| Ürün Numarası | T55c 2003 |
| 090 ## - SINIFLAMA NUMARASI | |
| Sınıflama Numarası | 639.2016 T55c 2003 |
| 100 ## - ANA GİRİŞ - KİŞİSEL İSİM | |
| Kişisel Ad | Timur, Metin |
| 245 ## - BAŞLIK TABLOSU | |
| Başlık | Cumhuriyet dönemi su ürünleri bibliyografisi |
| Sorumluluk Tablosu, Vb | Metin Timur, Sibel Çolak, Kadir Doğan |
| 260 ## - YAYIN, DAĞITIM, VB | |
| Yayın, Dağıtım, Vb Yeri | İstanbul |
| Yayıncı, Dağıtıcı, Vs Adı | İ.Ü. Su Ürünleri Fakültesi Yayınları |
| Yayın, Dağıtım, Vb Tarihi | 2003 |
| 300 ## - FİZİKSEL TANIM | |
| Kapsam | 405 s. |
| Boyutlar | 24 sm. |
| 440 ## - SERİSİ TABLOSU / KATMA GİRİŞİ - BAŞLIK | |
| Başlık | İ.Ü. Su Ürünleri Fakültesi Yayınları |
| 490 ## - SERİSİ TABLOSU | |
| Seri Beyanı | Fakülte |
| Hacim / Ardışık Tanımı | 4 |
| 490 ## - SERİSİ TABLOSU | |
| Seri Beyanı | Rektörlük |
| Hacim / Ardışık Tanımı | 4406 |
| 650 ## - KONU KATMA GİRİŞ - TOPİKAL DÖNEM | |
| Topikal Süreli Veya Coğrafi Ad Giriş Elemanı | Su ürünleri |
| Genel Alt Bölümü | Cumhuriyet Dönemi |
| Kronolojik Alt Bölümü | Bibliyografyalar |
| 700 ## - KATMA GİRİŞ - KİŞİSEL İSİM | |
| Kişisel Ad | Doğan, Kadir |
| 700 ## - KATMA GİRİŞ - KİŞİSEL İSİM | |
| Kişisel Ad | Çolak, Sibel |
| 942 ## - EKLENDİ GİRİŞ ELEMANLARI (KOHA) | |
| Sınıflandırma Veya Raf Düzeni Kaynak | Dewey Decimal Classification |
| Koha Öğesi Türü | Books |
| 999 ## - SİSTEM KONTROL NUMARALARI (KOHA) | |
| Koha Biblionumber | 3653 |
| Koha Biblioitemnumber | 3653 |
| Kalıcı Konum | Mevcut Konum | Edinme Tarihi | Edinim Kaynak | Toplam Check-Out'Lar | Tam Çağrı Numarası | Barkod | Tarih Son Görülme | İtibaren Geçerli Fiyatlar | Koha Öğesi Türü |
|---|---|---|---|---|---|---|---|---|---|
| CHP Kütüphanesi | CHP Kütüphanesi | 11/15/2016 | Bağış | 639.2016 T55c 2003 | 008659 | 11/15/2016 | 11/15/2016 | Books |
